Calculadora (Record no. 134)
[ view plain ]
| 000 -LEADER | |
|---|---|
| campo de control de longitud fija | 00231nam a22001097a 4500 |
| 001 - NÚMERO DE CONTROL | |
| campo de control | Cal001 |
| 003 - IDENTIFICADOR DE NÚMERO DE CONTROL | |
| campo de control | CoMeUDCCal001 |
| 005 - FECHA Y HORA DE LA ÚLTIMA TRANSACCIÓN | |
| campo de control | 20181027134057.0 |
| 008 - DATOS DE LONGITUD FIJA--INFORMACIÓN GENERAL | |
| campo de control de longitud fija | 180705b ||||| |||| 00| 0 eng d |
| 245 ## - MENCIÓN DEL TÍTULO | |
| Título | Calculadora |
| 942 ## - ELEMENTOS DE ENTRADA SECUNDARIOS (KOHA) | |
| Fuente del sistema de clasificación o colocación | Clasificación Decimal Dewey |
| Tipo de ítem Koha | Calculadora |
| Estatus retirado | Estado de pérdida | Fuente del sistema de clasificación o colocación | Especificación de materiales (volumen encuadernado u otra parte) | Estado de daño | No para préstamo | Colección | Biblioteca de origen | Biblioteca actual | Fecha de adquisición | Fuente de adquisición | Total de préstamos | Código de barras | Visto por última vez | Fecha del último préstamo | Copia número | Precio de reemplazo | Tipo de ítem Koha |
|---|---|---|---|---|---|---|---|---|---|---|---|---|---|---|---|---|---|
| Clasificación Decimal Dewey | CASIO fx350ES PLUS | Colección general | U DE COLOMBIA - Biblioteca | U DE COLOMBIA - Biblioteca | 27/10/2018 | Donación | 18 | CAL001 | 18/09/2019 | 03/09/2019 | 1 | 27/10/2018 | Calculadora | ||||
| Clasificación Decimal Dewey | CASIO fx350ES PLUS | Colección general | U DE COLOMBIA - Biblioteca | U DE COLOMBIA - Biblioteca | 06/02/2019 | Donación | 8 | CAL003 | 29/09/2021 | 22/06/2019 | 2 | 06/02/2019 | Calculadora |
